|
|
|
|
| LEADER |
00975nam a2200217 a 4500 |
| 001 |
7797467 |
| 008 |
090729r19271924enkabj 001 0 eng d |
| 010 |
|
|
|a \\\25027551
|
| 040 |
|
|
|a DLC
|c CarP
|d DLC
|
| 082 |
0 |
0 |
|a 941
|
| 100 |
1 |
|
|a Warner, George Townsend,
|d 1865-1916. [from old catalog]
|
| 245 |
1 |
4 |
|a The groundwork of British history /
|c George Townsend Warner and C. H. K. Marten.
|
| 260 |
|
|
|a London ;
|a India ;
|a Canada :
|b Blackie and Son limited
|c 1924 [reprinted 1927]
|
| 300 |
|
|
|a xiv, 801 p. :
|b illus. (maps, geneal. tables) diagrs ;
|c 20 cm.
|
| 504 |
|
|
|a Includes index.
|
| 541 |
1 |
|
|e 00004551
|
| 651 |
|
0 |
|a Great Britain
|x History.
|
| 700 |
1 |
|
|a Marten, Clarence Henry Kennett, [from old catalog]
|e joint author.
|
| 852 |
4 |
|
|a Ayesha Abed Library
|j General shelf
|
| 999 |
|
|
|c 3772
|d 3772
|
| 952 |
|
|
|0 0
|1 4
|2 ddc
|4 0
|6 941_000000000000000_WAR
|7 0
|9 3425
|a BRACUL
|b BRACUL
|c GEN
|d 2009-09-03
|g 0.00
|l 0
|o 941 WAR
|p 3010004551
|r 2009-09-03
|t 1
|w 2009-09-03
|y BK
|x No price found in the accession register.
|